01458nam a2200349Ia 4500001001100000003000800011006001900019007001500038008004100053010001700094020001500111040002100126035002100147050002200168082002100190245014200211260004400353300003400397490003900431504004100470533015200511610001600663650004800679650005000727650005500777650005700832655002900889710001700918830003300935856012500968999001501093ebr5007402CaPaEBRm u cr cn|||||||||010605s2001 dcuab sb 000 0 eng d z 2001026833 z0821349384 aCaPaEBRcCaPaEBR a(OCoLC)55912770914aDS57b.C82 2001eb04a363.6/9/095622100aCultural heritage and developmenth[electronic resource] :ba framework for action in the Middle East and North Africa /cThe World Bank. aWashington, D.C. :bWorld Bank,cc2001. ax, 102 p. :bill., col. maps.1 aOrientations in development series aIncludes bibliographical references. aElectronic reproduction.bPalo Alto, Calif. :cebrary,d2013.nAvailable via World Wide Web.nAccess may be limited to ebrary affiliated libraries.20aWorld Bank. 0aCultural propertyxProtectionzMiddle East. 0aCultural propertyxProtectionzAfrica, North. 0aEconomic developmentxSocial aspectszMiddle East. 0aEconomic developmentxSocial aspectszAfrica, North. 7aElectronic books.2local2 aebrary, Inc. 0aOrientations in development.40uhttp://site.ebrary.com/lib/rucke/Doc?id=5007402zAn electronic book accessible through the World Wide Web; click to view c5173d5173